| 000 | 00388nam a22001697a 4500 | ||
|---|---|---|---|
| 005 | 20260408111514.0 | ||
| 008 | 160627b xxu||||| |||| 00| 0 eng d | ||
| 020 | _a0-571-22218-8 | ||
| 041 | _aeng | ||
| 082 | _a823.914 | ||
| 100 |
_aPierre, D.B.C. _92875 |
||
| 245 | _aVernon God Little | ||
| 260 | _bPenguin India | ||
| 300 | _a277 | ||
| 650 |
_aEnglish Fiction _98925 |
||
| 942 | _cBK | ||
| 999 |
_c4168 _d4167 |
||